[Event "M.Chigorin Memorial 2014"]
[Site "St. Petersburg"]
[Date "2014.10.25"]
[Round "8.177"]
[White "Shemenko, Georgy"]
[Black "Bezobrazov, Lev"]
[Result "1-0"]
[WhiteElo "1803"]
[BlackElo "1579"]
[PlyCount "113"]
[EventDate "2014.10.18"]
[EventType "swiss"]
[EventCountry "RUS"]

1. e4 Nf6 2. e5 Nd5 3. d4 d6 4. c4 Nb6 5. f4 dxe5 6. fxe5 Nc6 7. Be3 Bf5 8. Nc3
e6 9. Nf3 Be7 10. Be2 Bg4 11. O-O Bxf3 12. Rxf3 Qd7 13. Kh1 a6 14. a3 f6 15.
Rg3 g6 16. exf6 Bxf6 17. d5 exd5 18. Bxb6 cxb6 19. Nxd5 Qd6 20. Nxf6+ Qxf6 21.
Re3+ Ne7 22. Qa4+ Qc6 23. Qxc6+ bxc6 24. Bf3 Kf7 25. Rf1 Ra7 26. Bd5+ Kg7 27.
Rf7+ Kh6 28. Rfxe7 Rxe7 29. Rxe7 cxd5 30. cxd5 Rd8 31. Re5 Rd6 32. g4 g5 33.
Kg2 Kg6 34. Kf3 Rf6+ 35. Ke3 h6 36. Re6 Rxe6+ 37. dxe6 Kf6 38. Kd4 Kxe6 39. Ke4
a5 40. a4 Kd6 41. Kf5 Kc5 42. Kg6 Kb4 43. Kxh6 Kxa4 44. Kxg5 Kb3 45. h4 a4 46.
h5 Kxb2 47. h6 a3 48. h7 a2 49. h8=Q+ Kb1 50. Qh1+ Kb2 51. Qg2+ Kb1 52. Qg1+
Kb2 53. Qf2+ Kb1 54. Qxb6+ Kc2 55. Qa5 Kb2 56. Qxa2+ Kxa2 57. Kf4 1-0

[Event "M.Chigorin Memorial 2014"]
[Site "St. Petersburg"]
[Date "2014.10.25"]
[Round "8.179"]
[White "Zvereva, Svetlana"]
[Black "Bodnaruk, Kseniya"]
[Result "1-0"]
[WhiteElo "1657"]
[BlackElo "1558"]
[PlyCount "131"]
[EventDate "2014.10.18"]
[EventType "swiss"]
[EventCountry "RUS"]

1. e4 e5 2. Nf3 Nc6 3. Bc4 Bc5 4. c3 Nf6 5. d4 exd4 6. cxd4 Bb4+ 7. Nc3 Nxe4 8.
O-O Bxc3 9. d5 Ne5 10. bxc3 Nxc4 11. Qd4 O-O 12. Qxc4 Nd6 13. Qb3 c5 14. c4 b6
15. Bf4 Nf5 16. Rad1 d6 17. Qd3 Ne7 18. h3 Ng6 19. Bg3 a6 20. Rfe1 Bb7 21. a4
Qd7 22. Qc2 Rfe8 23. Ng5 h6 24. Nf3 Rab8 25. Rxe8+ Rxe8 26. Qb3 Qc7 27. Qc2 Bc8
28. Qd3 Bd7 29. Ra1 Ra8 30. Qe4 Re8 31. Qc2 Ne7 32. Re1 Ng6 33. Rxe8+ Bxe8 34.
Nd2 Ne7 35. Ne4 Nc8 36. Nc3 Qe7 37. Qd2 Kh8 38. f3 f6 39. Qd3 Kg8 40. Kh2 Bf7
41. Qf5 Qc7 42. Qe4 Qd7 43. Qc2 Ne7 44. Qb2 Qc7 45. Ne4 Nc8 46. Qc2 Bg6 47.
Nxf6+ gxf6 48. Qxg6+ Qg7 49. Qe8+ Qf8 50. Qe6+ Kh7 51. Bh4 Kg7 52. Qd7+ Kh8 53.
Bg3 Kg8 54. Bf4 Kh8 55. Qe6 Kg7 56. Qg4+ Kh7 57. h4 f5 58. Qg3 Qe7 59. h5 Qf6
60. Kh3 Qf7 61. Qh4 Qf8 62. g4 fxg4+ 63. Qxg4 Kh8 64. Bd2 a5 65. Bc3+ Kh7 66.
Qg6# 1-0

[Event "M.Chigorin Memorial 2014"]
[Site "St. Petersburg"]
[Date "2014.10.25"]
[Round "8.180"]
[White "Sindarov, Islombek"]
[Black "Shadunts, Kirill"]
[Result "0-1"]
[WhiteElo "1527"]
[BlackElo "1696"]
[PlyCount "104"]
[EventDate "2014.10.18"]
[EventType "swiss"]
[EventCountry "RUS"]

1. e4 e6 2. d4 d5 3. Nd2 c5 4. c3 cxd4 5. cxd4 Nc6 6. Ngf3 Bd7 7. Bd3 Nb4 8.
Bb1 Bb5 9. Nb3 Nf6 10. e5 Nd7 11. a3 Nc6 12. Bd3 Ba4 13. O-O Qb6 14. Bc2 Rc8
15. Be3 Be7 16. Nbd2 Bxc2 17. Qxc2 O-O 18. Rac1 a6 19. b4 Na7 20. Qa4 Qb5 21.
Qb3 Nb6 22. Rc2 Rxc2 23. Qxc2 Rc8 24. Qb1 Na4 25. Rc1 Nc3 26. Rxc3 Rxc3 27. Qb2
Rc8 28. Nb3 b6 29. Nc1 Qc4 30. h3 h6 31. Ne1 Qc3 32. Qe2 Qxa3 33. Nc2 Qa4 34.
Ne1 Bxb4 35. Ned3 Bf8 36. Qb2 Qb5 37. Qa1 a5 38. Qa2 Qc4 39. Qb1 Qb5 40. Qa1
Rc2 41. Ne1 Rc4 42. Qa2 Rc8 43. Nc2 Qc4 44. Qxc4 Rxc4 45. Ne1 a4 46. Ned3 a3
47. Nb3 Nc6 48. Ndc1 Ra4 49. Na1 Nxd4 50. Na2 Bc5 51. Nc3 Rc4 52. Bd2 Bb4 0-1